Statistiken für Medias in Res Vok 1

Klicken Sie hier um das Quiz zu spielen!

Allgemein

  • Dieses Quiz wurde 325 mal gespielt
    (321 seit der letzten Aktualisierung)
  • Das Durchschnittsergebnis liegt bei 29 aus 33

Antwortstatistiken

Hint Answer % Korrekt
schola f.Schule
99%
hic (Adv.)hier
96%
amica f.Freundin
96%
etund
95%
amicus m.Freund
95%
magnus/a/umgroß
93%
nonnicht
93%
bonus/a/umgut
93%
semperimmer
92%
meus/a/ummein
91%
discipula f.Schülerin
91%
malus/a/umschlecht
91%
nuncjetzt, nun
90%
sedaber, sondern
90%
discipulus m.Schüler
90%
cur?warum
90%
saepeoft
86%
suntsie sind
86%
ester/sie/es ist
84%
laborater/sie/es arbeitet
84%
itaquedeshalb, daher
83%
gaudeter/sie/es freut sich
83%
respondeter/sie/es antwortet
83%
sedeter/sie/es sitzt
82%
interrogater/sie/es fragt
82%
clamater/sie/es ruft, schreit
81%
pensum n.Aufgabe
80%
diulange
80%
rideter/sie/es lacht
79%
tumdann, damals
79%
laudater/sie/es lobt
79%
libentergern
78%
laetus/a/umfroh, fröhlich
77%

Verteilung der Resultate

Perzentil nach korrekt beantworteten Fragen

Anzahl Personen mit jedem Resultat

Ihre Resultats-Entwicklung

Sie haben dieses Quiz seit der letzten Aktualisierung nicht gespielt